000 00445nam a2200181Ia 4500
005 20240613092600.0
008 131103s9999 xx 000 0 und d
040 _aLoreto College
041 _aEnglish
082 _a574
_bROW
100 _aRowland, T. J. S.
245 4 _aThe living things around us
_cT. J. S. Rowland
260 _aLondon
_bCassell
_c1950
300 _a144p.
_b ill.
650 _aBiology
850 _aLCBED
942 _cBK
999 _c28571
_d79050